प्रेमाश्रम / (Record no. 116763)

MARC details
000 -LEADER
fixed length control field 00974nam a22002537a 4500
005 - DATE AND TIME OF LATEST TRANSACTION
control field 20170124103044.0
010 ## - LIBRARY OF CONGRESS CONTROL NUMBER
LC control number B-102945
020 ## - INTERNATIONAL STANDARD BOOK NUMBER
Terms of availability 250.00
International Standard Book Number 8170551919
035 ## - SYSTEM CONTROL NUMBER
System control number B-102945
037 ## - SOURCE OF ACQUISITION
Source of stock number/acquisition Cen Lib/Ret
040 ## - CATALOGING SOURCE
Original cataloging agency DPL
Language of cataloging HN
082 ## - DEWEY DECIMAL CLASSIFICATION NUMBER
Classification number
Item number प्रेमचं
100 ## - MAIN ENTRY--PERSONAL NAME
Personal name प्रेमचंद
9 (RLIN) 68197
245 ## - TITLE STATEMENT
Title प्रेमाश्रम /
Statement of responsibility, etc प्रेमचंद
246 ## - VARYING FORM OF TITLE
Title proper/short title Premashram /
Remainder of title by Premchand
260 ## - PUBLICATION, DISTRIBUTION, ETC. (IMPRINT)
Place of publication, distribution, etc नयी दिल्ली
Name of publisher, distributor, etc वाणी प्रकाशन
Date of publication, distribution, etc 2002
270 ## - ADDRESS
City नयी दिल्ली
Address 21, ए, दरयागंज
Postal code 110002
300 ## - PHYSICAL DESCRIPTION
Extent 364पृ.
Dimensions 19सेमी (सजिल्द)
650 ## - SUBJECT ADDED ENTRY--TOPICAL TERM
Topical term or geographic name as entry element हिंदी साहित्य
9 (RLIN) 68198
650 ## - SUBJECT ADDED ENTRY--TOPICAL TERM
Topical term or geographic name as entry element हिंदी साहित्य
General subdivision उपन्यास
9 (RLIN) 42619
650 ## - SUBJECT ADDED ENTRY--TOPICAL TERM
Topical term or geographic name as entry element Hindi literature
9 (RLIN) 68199
650 ## - SUBJECT ADDED ENTRY--TOPICAL TERM
Topical term or geographic name as entry element Hindi literature
General subdivision fiction
9 (RLIN) 68200
942 ## - ADDED ENTRY ELEMENTS (KOHA)
Source of classification or shelving scheme Dewey Decimal Classification
Koha item type Hindi Books
Classification part
Call number suffix प्रेमचं
Holdings
Withdrawn status Lost status Damaged status Not for loan Home library Current library Date acquired Source of acquisition Cost, normal purchase price Total Checkouts Full call number Barcode Date last seen Date checked out Copy number Cost, replacement price Price effective from Koha item type Public note Source of classification or shelving scheme Collection code
Written off       Central Library Central Library 25/08/2015 Cen Lib/Ref 250.00 3 उ प्रेमचं B-102945 31/10/2017 16/10/2017 1 250.00 25/08/2015 Hindi Books Written off on approval by DLB (By Circulation); dtd 15-06-2023    
        Yojana Vihar Yojana Vihar 20/07/2019 BPPD/PUB 250.00   उ प्रेमचं B-102964 20/07/2019     250.00 20/07/2019 Hindi Books   Dewey Decimal Classification Fiction

© Delhi Public Library
Hit Counter
free hit counter